BIBLIOTHÈQUE DE LA MAISON DU MEXIQUE

Logo 1 Logo 2

La poesía hermética de Octavio Paz (notice nᵒ 1014)

détails MARC
000 -Sello discográfico
campo de control de longitud fija 00960nam a2200277 4500
005 - Identificación de versión
campo de control 20251016082549.0
035 ## - Otros números de control del sistema
Número de control del sistema 14972
099 ## - fechas locales
Tipo de ítem Koha LIBRO
100 ## - Datos de procesamiento general
Datos de procesamiento general 19960726d1978 m y1spay5003 ba
105 ## - Campo de datos codificados: Material textual, monográfico
Datos codificados de monografía y 000gy
200 1# - Título y mención de responsabilidad
Título propio La poesía hermética de Octavio Paz
Designación general del material texto impreso
Primer mención de responsabilidad Carlos H. Magis
205 ## - Declaración de edición
Declaración de edición 1a ed
210 ## - Publicación, distribución, etc.
Lugar de publicación, distribución, etc. México
Nombre del editor, distribuidor, etc. El Colegio de México, Centro de Estudios Lingüísticos y Literarios
Fecha de publicación, distribución, etc. 1978
215 ## - Descripción física
Designación de material específico y extensión del ítem 352 p
Dimensiones 20 cm
345 ## - Nota de información de adquisición
Fuente de adquisición/dirección de la suscripción [OBSOLETO] Donación
410 #1 - Series
Título Serie Estudios de Lingüística y Literatura
Número de volumen 7
600 ## - Nombre personal usado como materia
Elemento de entrada Paz Lozano
Parte del nombre distinta del elemento de entrada Octavio Irineo
Fechas 1914-1998
Subdivisión temática Crítica e interpretación
Número Koha 1478
600 ## - Nombre personal usado como materia
Elemento de entrada Paz Lozano
Parte del nombre distinta del elemento de entrada Octavio Irineo
Fechas 1914-1998
Subdivisión temática Estación violenta
Número Koha 2726
600 ## - Nombre personal usado como materia
Elemento de entrada Paz Lozano
Parte del nombre distinta del elemento de entrada Octavio Irineo
Fechas 1914-1998
Subdivisión temática Libertad bajo palabra
Número Koha 2727
660 ## - Código de área geográfica
Código MX
700 ## - Nombre personal - Responsabilidad primaria
Elemento de entrada Magis Otón
Parte del nombre distinta del elemento de entrada Carlos Horacio
Fechas 1926-1988
Número Koha 2728
801 #0 - Fuente de origen
Agencia cm
942 ## - ELEMENTOS DE ENTRADA SECUNDARIOS (KOHA)
Tipo de ítem Koha Livre
Exemplaires
Estatus retirado Estado de daño Estado de pérdida Fecha de adquisición Biblioteca de origen Biblioteca actual Ubicación en estantería Código de barras Precio de reemplazo Signatura topográfica completa No para préstamo Tipo de ítem Koha Nota pública Nota no pública
      05/08/2025 Casa México Paris Casa México Paris   011023 05/08/2025 861.4 P348M   Livre 20240904LIV 751145101